Les 50... Fruits du monde - Statistiques

Statistiques générales
  • Ce quiz a été pris 1 228 fois
  • Le résultat moyen est 31 sur 50
Statistiques - réponses
Par images Réponse % Correct
Fraise
100%
Banane
99%
Cerise
99%
Framboise
99%
Poire
98%
Pomme
98%
Raisin
98%
Ananas
97%
Mangue
97%
Kiwi
96%
Orange
96%
Pêche
96%
Abricot
95%
Melon
95%
Pastèque
95%
Myrtille
93%
Noix de coco
92%
Litchi
91%
Mûre
90%
Fruit du dragon
89%
Citron vert
88%
Grenade
88%
Pamplemousse
88%
Fruit de la passion
87%
Clémentine
82%
Figue
82%
Groseille
80%
Nectarine
75%
Papaye
73%
Kaki
70%
Goyave
52%
Cassis
46%
Coing
43%
Durian
42%
Mirabelle
34%
Kumquat
32%
Datte
28%
Figue de Barbarie
28%
Ramboutan
15%
Mangoustan
14%
Canneberge
10%
Main de Bouddha
9%
Tamarin
9%
Sureau
7%
Corossol
5%
Nashi
3%
Acerola
1%
Prune de Cythère
1%
Zatte
1%
Canistel
0%
Aucun quiz correspondant
Distribution des résultats
% des personnes avec chaque résultat
Percentile par nombre de réponses
Votre historique - résultats
Vous n’avez pas pris ce quiz